Top 10 Fastest Land Animals - Statistics

General Stats
  • This quiz has been taken 20 times
  • The average score is 4 of 10
Answer Stats
Answer % Correct
Cheetah
88%
Lion
82%
Horse
59%
Ostrich
59%
Pronghorn Antelope
41%
Greyhound
35%
Wildebeest
29%
Kangaroo
24%
Springbok
18%
Elk
12%
No matching quizzes found
Score Distribution
Percent of People with Each Score
Percentile by Number Answered
Your Score History
You have not taken this quiz